| 000 | 01065nam0a22002531 4500 | ||
|---|---|---|---|
| 001 | rc\850403 | ||
| 005 | 20041129092625.0 | ||
| 035 | _a(NLR Aleph) 006031060 | ||
| 090 |
_a7528775 _c7528775 |
||
| 100 | _a20041129d1984 u |0rusy50 ca | ||
| 101 | 0 | _arus | |
| 102 | _aRU | ||
| 105 | _aa ||||||||| | ||
| 200 | 1 |
_aПалеозой юго-востока Западно-Сибирской плиты _f[В.Н. Дубатолов, О.В. Юферев, В.М. Задорожный и др.] _gОтв. ред. к. г.-м. н. А.В. Каныгин |
|
| 210 |
_aНовосибирск _cНаука. Сиб. отд-ние _d1984 |
||
| 215 |
_a232 с. _cил. _d24 |
||
| 225 | 1 |
_aТруды Института геологии и геофизики _fАН СССР. Сиб. отд-ние _vВып. 568 |
|
| 701 | 1 |
_aДубатолов _bВ. Н. _gВиктор Николаевич |
|
| 702 | 1 |
_aКаныгин _bА. В. _gАлександр Васильевич _4340 |
|
| 801 | 0 |
_aRU _bNLR _gpsbo |
|
| 801 | 1 |
_aRU _bELAR _2rusmarc |
|
| 852 |
_aNLR _jП8/464 |
||
| 942 | _cBOOK | ||
| 980 | _aNB | ||